000 00736nam a22001577a 4500
003 OSt
005 20151007161022.0
008 151007b xxu||||| |||| 00| 0 eng d
040 _cRUA
082 _aAVM HAK 2006 B077 Or.1
100 _92306
_aHAK CHANLINA
245 _aLetilization of pumpkin on the growth arte of quail at animal station farm of rua, (ការប្រើប្រាស់ផ្លែល្ពៅទៅលើការលូតលាស់របស់ក្រួច នៅស្ថានីយ៍ចិញ្ចឹមសត្វ នៃសាកលវិទ្យាល័យភូមិន្ទកសិកម្ម)
260 _aphnom penh
_brua
_c2006
300 _ax, 43p.
_bill.
_c29cm.
942 _2ddc
_cAVM
999 _c2174
_d2174